Govt. of
Madhya Pradesh

बैकुंठ का पोथा स्‍वर्गीय प्रहसन (Record no. 55568)

MARC details
000 -LEADER
fixed length control field 00718nam a22001697a 4500
003 - CONTROL NUMBER IDENTIFIER
control field MACL
005 - DATE AND TIME OF LATEST TRANSACTION
control field 20160806125518.0
008 - FIXED-LENGTH DATA ELEMENTS--GENERAL INFORMATION
fixed length control field 160806b xxu||||| |||| 00| 0 eng d
040 ## - CATALOGING SOURCE
Transcribing agency MACL
041 ## - LANGUAGE CODE
Language code of text/sound track or separate title Hindi
082 ## - DEWEY DECIMAL CLASSIFICATION NUMBER
Classification number 800 RAV
100 ## - MAIN ENTRY--PERSONAL NAME
Personal name रचनावली, रवींद्रनाथ टैगोर
9 (RLIN) 66260
245 ## - TITLE STATEMENT
Title बैकुंठ का पोथा स्‍वर्गीय प्रहसन
Remainder of title खण्‍ड 15
Statement of responsibility, etc. रवींद्रनाथ टैगोर रचनावली
260 ## - PUBLICATION, DISTRIBUTION, ETC. (IMPRINT)
Place of publication, distribution, etc. नई दिल्‍ली
Name of publisher, distributor, etc. सस्‍ता साहित्‍य मण्‍डल प्रकाशन
Date of publication, distribution, etc. 2012
650 ## - SUBJECT ADDED ENTRY--TOPICAL TERM
Topical term or geographic name as entry element रचनावली
9 (RLIN) 163
942 ## - ADDED ENTRY ELEMENTS (KOHA)
Source of classification or shelving scheme
Koha item type Hindi Books

No items available.